Informační potřeby a uživatelé informací /

Na minha lista:
Detalhes bibliográficos
Main Authors: Manecke, Hans Jürgen (Author), Rückl, Steffen (Author), Tänzer, Karl-Heinz (Author)
Outros Autores: Brož, Vladimír (Translator)
Formato: Livro
Idioma:tcheco
Publicado em: Praha : UVTEI, 1990
Edição:1.vyd.
Assuntos:
Tags: Adicionar Tag
Sem tags, seja o primeiro a adicionar uma tag!

MARC

LEADER 00000nam a22000003a 4500
001 stu38936
005 20150617225725.8
008 921202s1990----cs------------------cze-d
040 |a STU  |b slo 
041 0 |a cze 
044 |a cs 
080 |a 002 
100 1 |a Manecke, Hans Jürgen  |4 aut 
245 1 |a Informační potřeby a uživatelé informací /  |c [aut.]Hans Jürgen Manecke, Steffen Rückl, HEIKarl-Heinz Tänzer; Z nem. Vladimír Brož 
250 |a 1.vyd. 
260 |a Praha :  |b UVTEI,  |c 1990 
300 |a 125 s 
650 7 |a informatika  |2 stusub 
700 1 |a Rückl, Steffen  |4 aut 
700 1 |a Tänzer, Karl-Heinz  |4 aut 
700 1 |a Brož, Vladimír  |4 trl 
996 |b 284M017200  |c M*7663-1  |l MMKN  |s A  |a 24  |w stu38936_0001